Ελληνικοί θησαυροί στην οικουμένη = Tresors helleniques a travers le monde = Tesori ellenici nel mondo = Tesoros helenicos en el mundo
Αποθηκεύτηκε σε:
| Κύριος συγγραφέας: | |
|---|---|
| Άλλοι συγγραφείς: | |
| Μορφή: | Βιβλίο |
| Γλώσσα: | Multiple |
| Δημοσίευση: |
Αθήνα :
Ελληνική Εθνική Γραμμή, Οικουμενικός Ελληνισμός Ε.Π.Ε.,
2007.
|
| Θέματα: | |
| Ετικέτες: |
Προσθήκη ετικέτας
Δεν υπάρχουν, Καταχωρήστε ετικέτα πρώτοι!
|
MARC
| LEADER | 00000cam a2200000 i 4500 | ||
|---|---|---|---|
| 001 | 1/26451 | ||
| 008 | 130225s2007####gr | | ||| |||| ||mul|| | ||
| 020 | |a 9789608996014 | ||
| 035 | |l 10113835 | ||
| 040 | |a GR-MyUA |b gre |e AACR2 | ||
| 041 | 0 | |a mul | |
| 082 | 0 | |a 733.30938 |2 (22) | |
| 245 | 1 | 0 | |a Ελληνικοί θησαυροί στην οικουμένη = |b Tresors helleniques a travers le monde = Tesori ellenici nel mondo = Tesoros helenicos en el mundo / |c [γενική επιμέλεια: καθηγητής Αθανάσιος Αγγελόπουλος] ; [συγγραφή κειμένων: Ξένη Αραπογιάννη] ; [επιμέλεια: Γεωργία Μίχα]. |
| 246 | 1 | |i Παράλληλος τίτλος: |a Tresors helleniques a travers le monde | |
| 246 | 1 | |i Παράλληλος τίτλος: |a Tesori ellenici nel mondo | |
| 246 | 1 | |i Παράλληλος τίτλος: |a Tesoros helenicos en el mundo | |
| 260 | |a Αθήνα : |b Ελληνική Εθνική Γραμμή, |b Οικουμενικός Ελληνισμός Ε.Π.Ε., |c 2007. | ||
| 300 | |a 238 σ. : |b εικ. ; |c 28 εκ. | ||
| 500 | |a Πολύγλωσσο κείμενο. | ||
| 650 | 0 | 0 | |a Civilization, Ancient |z Greece. |
| 650 | 0 | 0 | |a Sculpture, Greek. |
| 650 | 0 | 0 | |a Catalogs. |
| 700 | 1 | |a Αγγελόπουλος, Αθανάσιος Αν., |d 1940- |e edt | |
| 700 | 1 | |a Αραπογιάννη, Ξένη, |e aut | |
| 852 | |a INST |b RHODES |e 20130225 |h 733.3 ΕΛΛ |p 005400034945 |q 005400034945 |t REF |y 23 | ||
| 852 | |a INST |b RHODES |e 20130225 |h 733.3 ΕΛΛ |p 005400034946 |q 005400034946 |t REF |y 23 | ||
| 852 | |a INST |b SAMOS |e 20131125 |h 733.30938 ΕΛΛ |p 005300036019 |q 005300036019 |t BK |y 0 | ||
| 901 | |a BIBL3-2013-3 | ||
| 901 | |a BIBL4-2013-1 | ||
| 909 | |a Σ |b 152534 | ||
| 909 | |a Ρ |b 152543 | ||
| 909 | |a Ρ |b 152544 | ||
| 970 | |z 2013/11/25 | ||
| 970 | |z 2013/02/25 | ||